EDUCATIONAL PSYCHOLOGY (Record no. 15071)

MARC details
000 -LEADER
fixed length control field 00254nam a22001217a 4500
003 - CONTROL NUMBER IDENTIFIER
control field SGT
082 ## - DEWEY DECIMAL CLASSIFICATION NUMBER
Classification number 150
Item number E16O
100 ## - MAIN ENTRY--PERSONAL NAME
Personal name ORMROD, JEANNE E.
245 ## - TITLE STATEMENT
Title EDUCATIONAL PSYCHOLOGY
260 ## - PUBLICATION, DISTRIBUTION, ETC. (IMPRINT)
Place of publication, distribution, etc INDIA
Name of publisher, distributor, etc PERSON
Year of Publication 2016
300 ## - PAGE DESCRIPTION
No. of Pages 557
942 ## - ADDED ENTRY ELEMENTS (KOHA)
Source of classification or shelving scheme Dewey Decimal Classification
Koha item type Books
Holdings
Withdrawn status Lost status Source of classification or shelving scheme Damaged status Not for loan Collection code Home library Current library Shelving location Date acquired Vendor Name Cost, normal purchase price SGTU Bill Number Total Checkouts Full call number Accession No. (Barcode) Date last seen Date last borrowed Bill Date Koha item type
    Dewey Decimal Classification     MEDICAL SGT Engineering Library SGT Engineering Library Reference Book 05/02/2018 ABC 629.00 SGTU 9089 1 150 E16O FM10398 10/08/2018 23/07/2018 13/12/2017 Books
    Dewey Decimal Classification     MEDICAL SGT Engineering Library SGT Engineering Library Reference Book 05/02/2018 ABC 629.00 SGTU 9089   150 E16O FM10399 05/02/2018   13/12/2017 Books
    Dewey Decimal Classification     MEDICAL SGT Engineering Library SGT Engineering Library Reference Book 05/02/2018 ABC 629.00 SGTU 9089 1 150 E16O FM10400 05/01/2021 05/01/2021 13/12/2017 Books